| 000 | 00569nam a2200217Ia 4500 | ||
|---|---|---|---|
| 003 | 0100 | ||
| 008 | 130227s9999 xx 000 0 und d | ||
| 040 | _cARRUPELIB | ||
| 050 | _aB2430.L484M67 2007 | ||
| 100 | _aMorgan, Michael L. | ||
| 245 | _aDiscovering Levinas | ||
| 260 | _aNew York | ||
| 260 | _bCambridge | ||
| 260 | _C2007 | ||
| 300 | _axxi | ||
| 300 | _b 504p. 23cm. | ||
| 650 | _bEighteenth century | ||
| 650 | _cUnited States - Relations (general) with Europe | ||
| 650 | _dEurope - Relations (general) with the United States | ||
| 942 |
_2lcc _031 |
||
| 999 |
_c1994 _d1994 |
||